000 00749cam a22002413a 4500
001 1368
003 PGUSA
005 20140828083000.0
008 980601s1998||||xxu|||||s|||||000 1 eng d
040 _aPGUSA
_beng
042 _adc
050 4 _aPR
100 1 _aHaggard, H. Rider
_q(Henry Rider),
_d1856-1925
245 1 0 _aWhen the World Shook :
_bBeing an Account of the Great Adventure of Bastin, Bickley and Arbuthnot
_h[electronic resource] /
_cH. Rider Haggard
260 _bProject Gutenberg,
_c1998
506 _aPublic domain in the USA.
516 _aElectronic text
653 _aScience fiction
653 _aAdventure stories
830 0 _aProject Gutenberg
_v1368
856 4 0 _uhttp://www.gutenberg.org/ebooks/1368
942 _cEB
999 _c230716
_d230716